| 000 | 00465nam a2200145 a 4500 | ||
|---|---|---|---|
| 008 | 120416s1971 ||||||||||||||||| || u | ||
| 020 | _a0435672207 | ||
| 050 | _aQC 91 Dar | ||
| 100 | _aD'arcy, John | ||
| 245 | 1 | 0 | _aWe're going metric |
| 260 |
_aLondon _bHeinemann _c1971 |
||
| 300 | _a33p. | ||
| 350 | _a0.00 | ||
| 995 |
_D0.00 _FCBU-MAIN LIBRARY (Kitwe) _H1 _I25.00 _UAVAILABLE _ZMain Library Open Access Collection |
||
| 999 |
_c61596 _d61596 |
||